Corvids – Sudden Death - Statistics

General Stats
  • This quiz has been taken 51 times
  • The average score is 7 of 14
Answers on the Grid
Answers color-coded by a green-red scale on the quiz's grid according to % correct below.
Crow
Raven
Magpie
Blue Jay
Mountain Jay
Jackdaw
Rook
Jay
Nutcracker
Chough
Treepie
Piapiac
Ground-Jay
Bushcrow
Chickadee
Bluebird
Scarecrow
Seriema
Hoopoe
Kestrel
Nuthatch
Cuckoo
Starling
Bird-of-Paradise
Heron
Sea Eagle
Cardinal
Queen
Kookaburra
Kingfisher
Turaco
Nighthawk
 
Answer Stats
Answer % Correct
Raven
73%
Jay
70%
Magpie
70%
Crow
68%
Mountain Jay
62%
Ground-Jay
59%
Jackdaw
59%
Blue Jay
54%
Rook
51%
Bushcrow
49%
Chough
38%
Nutcracker
24%
Treepie
24%
Piapiac
14%
No matching quizzes found
Score Distribution
Percent of People with Each Score
Percentile by Number Answered
Your Score History
You have not taken this quiz